[Event "DEM U18w 2023"]
[Site "Willingen GER"]
[Date "2023.05.28"]
[Round "2"]
[White "Doll, Rebecca"]
[Black "Kalina, Lena"]
[Result "1-0"]
[Termination "normal"]
[Board "1"]
[WhiteElo "1918"]
[BlackElo "1776"]
[WhiteClock "00:05:26"]
[BlackClock "00:01:55"]
[PlyCount "80"]
[WhiteFideId "16236890"]
[BlackFideId "12988014"]
[EventCountry "GER"]
[EventRounds "9"]
[EventType "swiss"]
[EventDate "2023.05.27"]

1. e4 c5 {[%emt 0:00:06]} 2. Nf3 {[%emt 0:00:09]} Nc6 {[%emt 0:00:05]} 3. d4
{[%emt 0:00:05]} cxd4 {[%emt 0:00:07]} 4. Nxd4 {[%emt 0:00:05]} g6 {[%emt
0:00:06]} 5. c4 {[%emt 0:00:10]} Nf6 {[%emt 0:00:16]} 6. Nc3 {[%emt 0:00:09]}
Nxd4 {[%emt 0:00:12]} 7. Qxd4 {[%emt 0:00:16]} d6 {[%emt 0:00:27]} 8. Be2
{[%emt 0:01:26]} Bg7 {[%emt 0:00:37]} 9. Be3 {[%emt 0:03:26]} O-O {[%emt
0:00:10]} 10. Qd2 {[%emt 0:01:02]} a5 {[%emt 0:00:51]} 11. O-O {[%emt 0:01:40]}
a4 {[%emt 0:02:18]} 12. Rac1 {[%emt 0:02:47]} Qa5 {[%emt 0:01:37]} 13. b3
{[%emt 0:12:20]} axb3 {[%emt 0:01:59]} 14. axb3 {[%emt 0:00:07]} Be6 {[%emt
0:06:22]} 15. h3 {[%emt 0:11:24]} Rfc8 {[%emt 0:05:31]} 16. f4 {[%emt 0:06:01]}
Nd7 {[%emt 0:07:22]} 17. f5 {[%emt 0:17:41]} gxf5 {[%emt 0:01:05]} 18. exf5
{[%emt 0:00:07]} Bxc3 {[%emt 0:03:22]} 19. Qxc3 {[%emt 0:00:20]} Bxf5 {[%emt
0:01:37]} 20. b4 {[%emt 0:00:24]} Qe5 {[%emt 0:12:21]} 21. Qxe5 {[%emt
0:00:10]} Nxe5 {[%emt 0:00:39]} 22. Rxf5 {[%emt 0:00:11]} Ra2 {[%emt 0:01:14]}
23. Rf2 {[%emt 0:03:09]} Rb2 {[%emt 0:04:39]} 24. b5 {[%emt 0:01:26]} Rb4
{[%emt 0:02:20]} 25. Rf4 {[%emt 0:01:57]} Rb3 {[%emt 0:00:57]} 26. Kf2 {[%emt
0:02:49]} Rb2 {[%emt 0:03:16]} 27. Rd4 {[%emt 0:01:23]} Ra8 {[%emt 0:04:18]}
28. Rd2 {[%emt 0:01:46]} Rb4 {[%emt 0:05:37]} 29. Bd4 {[%emt 0:01:43]} Ng6
{[%emt 0:02:15]} 30. Bf3 {[%emt 0:00:50]} Raa4 {[%emt 0:01:46]} 31. Bxb7 {[%emt
0:01:48]} Rxc4 {[%emt 0:00:21]} 32. Rxc4 {[%emt 0:01:59]} Rxc4 {[%emt 0:00:07]}
33. b6 {[%emt 0:05:31]} Nf8 {[%emt 0:03:03]} 34. Bf3 Nd7 35. b7 Rb4 36. Ba7 Kg7
37. Rc2 Kf6 38. Rc7 Ke6 39. Bg4+ f5 40. Bxf5+ Kxf5 1-0

[Event "DEM U18w 2023"]
[Site "Willingen GER"]
[Date "2023.05.28"]
[Round "2"]
[White "Wagner, Margarethe"]
[Black "Heutling, Elina"]
[Result "1/2-1/2"]
[Termination "normal"]
[Board "2"]
[WhiteElo "1831"]
[BlackElo "1878"]
[WhiteClock "00:35:57"]
[BlackClock "00:22:30"]
[PlyCount "49"]
[WhiteFideId "16236947"]
[BlackFideId "16244729"]
[EventCountry "GER"]
[EventRounds "9"]
[EventType "swiss"]
[EventDate "2023.05.27"]

1. e4 c5 {[%emt 0:00:05]} 2. Nf3 {[%emt 0:00:07]} d6 {[%emt 0:00:03]} 3. d4
{[%emt 0:00:06]} cxd4 {[%emt 0:00:05]} 4. Nxd4 {[%emt 0:00:05]} Nf6 {[%emt
0:00:06]} 5. Nc3 {[%emt 0:00:06]} a6 {[%emt 0:00:05]} 6. Bd3 {[%emt 0:00:06]}
e5 {[%emt 0:15:36]} 7. Nde2 {[%emt 0:00:06]} Be7 {[%emt 0:08:58]} 8. O-O {[%emt
0:00:09]} O-O {[%emt 0:14:07]} 9. Ng3 {[%emt 0:00:09]} Nbd7 {[%emt 0:07:51]}
10. Nf5 {[%emt 0:24:17]} Nc5 {[%emt 0:01:33]} 11. Nxe7+ {[%emt 0:04:16]} Qxe7
{[%emt 0:00:01]} 12. Bg5 {[%emt 0:00:11]} Qe6 {[%emt 0:15:23]} 13. Bxf6 {[%emt
0:16:53]} Qxf6 {[%emt 0:00:12]} 14. Bc4 {[%emt 0:00:09]} b5 {[%emt 0:06:51]}
15. Bd5 {[%emt 0:01:51]} Rb8 {[%emt 0:00:05]} 16. a3 {[%emt 0:03:08]} Rd8
{[%emt 0:03:58]} 17. Na2 {[%emt 0:20:48]} Bb7 {[%emt 0:03:49]} 18. f3 {[%emt
0:11:06]} Qg5 {[%emt 0:03:18]} 19. Bxb7 {[%emt 0:05:02]} Rxb7 {[%emt 0:00:03]}
20. Nb4 {[%emt 0:00:21]} Rbd7 {[%emt 0:07:34]} 21. Nd5 {[%emt 0:04:15]} Ne6
{[%emt 0:00:39]} 22. Kh1 {[%emt 0:04:10]} Kh8 {[%emt 0:03:33]} 23. c3 {[%emt
0:00:21]} f5 {[%emt 0:00:31]} 24. Qc1 {[%emt 0:04:58]} Qg6 {[%emt 0:03:31]} 25.
Qc2 {[%emt 0:00:42]} 1/2-1/2

[Event "DEM U18w 2023"]
[Site "Willingen GER"]
[Date "2023.05.28"]
[Round "2"]
[White "Albayrak, Nese Pinar"]
[Black "Peglau, Mirjam"]
[Result "1/2-1/2"]
[Termination "normal"]
[Board "4"]
[WhiteElo "1763"]
[BlackElo "1932"]
[WhiteClock "00:31:34"]
[BlackClock "00:36:58"]
[PlyCount "42"]
[WhiteFideId "16255259"]
[BlackFideId "16211138"]
[EventCountry "GER"]
[EventRounds "9"]
[EventType "swiss"]
[EventDate "2023.05.27"]

1. e4 {[%clk 01:30:57]} {[%emt 00:00:03]} e6 {[%clk 01:30:55]} {[%emt
00:00:05]} 2. d4 {[%clk 01:29:07]} {[%emt 00:02:20]} d5 {[%clk 01:31:23]}
{[%emt 00:00:02]} 3. Nd2 {[%clk 01:29:29]} {[%emt 00:00:09]} Nf6 {[%clk
01:31:47]} {[%emt 00:00:06]} 4. e5 {[%clk 01:29:56]} {[%emt 00:00:03]} Nfd7
{[%clk 01:32:13]} {[%emt 00:00:03]} 5. Bd3 {[%clk 01:30:15]} {[%emt 00:00:11]}
c5 {[%clk 01:32:36]} {[%emt 00:00:07]} 6. c3 {[%clk 01:30:41]} {[%emt
00:00:03]} Nc6 {[%clk 01:32:11]} {[%emt 00:00:56]} 7. Ne2 {[%clk 01:30:58]}
{[%emt 00:00:12]} Qb6 {[%clk 01:31:57]} {[%emt 00:00:44]} 8. Nf3 {[%clk
01:30:31]} {[%emt 00:00:57]} f6 {[%clk 01:28:32]} {[%emt 00:03:56]} 9. exf6
{[%clk 01:26:29]} {[%emt 00:04:32]} Nxf6 {[%clk 01:28:54]} {[%emt 00:00:08]}
10. O-O {[%clk 01:24:33]} {[%emt 00:02:25]} Bd6 {[%clk 01:27:37]} {[%emt
00:01:47]} 11. Bf4 {[%clk 01:10:27]} {[%emt 00:14:37]} Bxf4 {[%clk 01:25:15]}
{[%emt 00:02:53]} 12. Nxf4 {[%clk 01:10:47]} {[%emt 00:00:09]} O-O {[%clk
01:23:03]} {[%emt 00:02:41]} 13. Ng5 {[%clk 01:00:02]} {[%emt 00:11:15]} Nd8
{[%clk 01:14:01]} {[%emt 00:09:34]} 14. Re1 {[%clk 00:52:44]} {[%emt 00:07:47]}
cxd4 {[%clk 01:10:01]} {[%emt 00:04:31]} 15. Nxh7 {[%clk 00:37:49]} {[%emt
00:15:24]} Nxh7 {[%clk 01:05:03]} {[%emt 00:05:28]} 16. Bxh7+ {[%clk 00:38:11]}
{[%emt 00:00:07]} Kxh7 {[%clk 01:05:10]} {[%emt 00:00:24]} 17. Qh5+ {[%clk
00:38:36]} {[%emt 00:00:05]} Kg8 {[%clk 01:05:33]} {[%emt 00:00:06]} 18. Ng6
{[%clk 00:38:41]} {[%emt 00:00:26]} Re8 {[%clk 00:37:05]} {[%emt 00:28:58]} 19.
Qh8+ {[%clk 00:38:10]} {[%emt 00:01:01]} Kf7 {[%clk 00:37:32]} {[%emt
00:00:02]} 20. Ne5+ {[%clk 00:38:05]} {[%emt 00:00:35]} Ke7 {[%clk 00:37:03]}
{[%emt 00:00:59]} 21. Ng6+ {[%clk 00:31:34]} {[%emt 00:07:01]} Kf7 {[%clk
00:36:58]} {[%emt 00:00:37]} 1/2-1/2

[Event "DEM U18w 2023"]
[Site "Willingen GER"]
[Date "2023.05.28"]
[Round "2"]
[White "Cordes, Jule"]
[Black "Buchholz, Maja"]
[Result "1-0"]
[Termination "normal"]
[Board "5"]
[WhiteElo "1744"]
[BlackElo "1899"]
[WhiteClock "00:01:06"]
[BlackClock "00:14:19"]
[PlyCount "105"]
[WhiteFideId "1060708"]
[BlackFideId "16200500"]
[EventCountry "GER"]
[EventRounds "9"]
[EventType "swiss"]
[EventDate "2023.05.27"]

1. d4 {[%clk 01:30:58]} {[%emt 00:00:01]} Nf6 {[%clk 01:30:50]} {[%emt
00:00:10]} 2. c4 {[%clk 01:31:23]} {[%emt 00:00:06]} g6 {[%clk 01:31:14]}
{[%emt 00:00:06]} 3. Nc3 {[%clk 01:31:28]} {[%emt 00:00:24]} Bg7 {[%clk
01:31:34]} {[%emt 00:00:10]} 4. Nf3 {[%clk 01:31:35]} {[%emt 00:00:24]} O-O
{[%clk 01:31:51]} {[%emt 00:00:12]} 5. Bg5 {[%clk 01:31:44]} {[%emt 00:00:21]}
c5 {[%clk 01:32:08]} {[%emt 00:00:13]} 6. e3 {[%clk 01:28:33]} {[%emt
00:03:42]} cxd4 {[%clk 01:32:18]} {[%emt 00:00:20]} 7. exd4 {[%clk 01:28:14]}
{[%emt 00:00:49]} d5 {[%clk 01:31:59]} {[%emt 00:00:48]} 8. Bxf6 {[%clk
01:23:29]} {[%emt 00:05:16]} Bxf6 {[%clk 01:32:19]} {[%emt 00:00:09]} 9. Nxd5
{[%clk 01:21:53]} {[%emt 00:02:07]} Bg7 {[%clk 01:32:36]} {[%emt 00:00:12]} 10.
Be2 {[%clk 01:12:07]} {[%emt 00:10:17]} Nc6 {[%clk 01:32:19]} {[%emt 00:00:46]}
11. O-O {[%clk 01:09:04]} {[%emt 00:03:33]} e6 {[%clk 01:31:23]} {[%emt
00:01:26]} 12. Nc3 {[%clk 01:06:38]} {[%emt 00:02:56]} Nxd4 {[%clk 01:30:44]}
{[%emt 00:01:09]} 13. Nxd4 {[%clk 01:05:11]} {[%emt 00:01:58]} Bxd4 {[%clk
01:29:34]} {[%emt 00:01:39]} 14. Bf3 {[%clk 00:57:28]} {[%emt 00:08:14]} Qf6
{[%clk 01:22:35]} {[%emt 00:07:28]} 15. Rc1 {[%clk 00:52:23]} {[%emt 00:05:35]}
Rb8 {[%clk 01:17:11]} {[%emt 00:05:55]} 16. Qe2 {[%clk 00:50:32]} {[%emt
00:02:21]} Bd7 {[%clk 01:12:38]} {[%emt 00:05:03]} 17. Rfd1 {[%clk 00:46:56]}
{[%emt 00:04:05]} Bc6 {[%clk 01:06:24]} {[%emt 00:06:44]} 18. Rd3 {[%clk
00:39:41]} {[%emt 00:07:45]} Rfe8 {[%clk 00:57:20]} {[%emt 00:09:34]} 19. b3
{[%clk 00:35:14]} {[%emt 00:04:57]} Be5 {[%clk 00:52:57]} {[%emt 00:04:52]} 20.
g3 {[%clk 00:21:46]} {[%emt 00:13:59]} Bd4 {[%clk 00:45:24]} {[%emt 00:08:03]}
21. Ne4 {[%clk 00:07:57]} {[%emt 00:14:20]} Qg7 {[%clk 00:39:33]} {[%emt
00:06:21]} 22. Nd6 {[%clk 00:05:19]} {[%emt 00:03:07]} Red8 {[%clk 00:39:07]}
{[%emt 00:00:56]} 23. Bxc6 {[%clk 00:01:32]} {[%emt 00:04:18]} Rxd6 {[%clk
00:37:03]} {[%emt 00:02:34]} 24. Bf3 {[%clk 00:01:19]} {[%emt 00:00:42]} Rbd8
{[%clk 00:34:33]} {[%emt 00:03:00]} 25. Rcd1 {[%clk 00:01:19]} {[%emt
00:00:30]} b6 {[%clk 00:33:30]} {[%emt 00:01:33]} 26. Kg2 {[%clk 00:01:04]}
{[%emt 00:00:45]} Qf6 {[%clk 00:29:30]} {[%emt 00:04:30]} 27. a4 {[%clk
00:00:46]} {[%emt 00:00:49]} a5 {[%clk 00:27:36]} {[%emt 00:02:23]} 28. Qd2
{[%clk 00:00:42]} {[%emt 00:00:34]} e5 {[%clk 00:19:44]} {[%emt 00:08:23]} 29.
Bd5 {[%clk 00:00:41]} {[%emt 00:00:31]} Kg7 {[%clk 00:17:36]} {[%emt 00:02:37]}
30. Rf3 {[%clk 00:00:53]} {[%emt 00:00:18]} Qe7 {[%clk 00:15:37]} {[%emt
00:02:30]} 31. Rxf7+ {[%clk 00:00:46]} {[%emt 00:00:37]} Qxf7 {[%clk 00:16:01]}
{[%emt 00:00:06]} 32. Bxf7 {[%clk 00:01:11]} {[%emt 00:00:05]} Kxf7 {[%clk
00:16:13]} {[%emt 00:00:18]} 33. Qc2 {[%clk 00:00:41]} {[%emt 00:00:59]} Rf6
{[%clk 00:13:14]} {[%emt 00:03:30]} 34. Rf1 {[%clk 00:01:02]} {[%emt 00:00:09]}
Kg7 {[%clk 00:11:51]} {[%emt 00:01:53]} 35. Qe4 {[%clk 00:00:41]} {[%emt
00:00:50]} g5 {[%clk 00:08:43]} {[%emt 00:03:38]} 36. f3 {[%clk 00:00:37]}
{[%emt 00:00:34]} Rdf8 {[%clk 00:08:32]} {[%emt 00:00:41]} 37. Qg4 {[%clk
00:00:37]} {[%emt 00:00:30]} Kg6 {[%clk 00:03:35]} {[%emt 00:05:27]} 38. h4
{[%clk 00:00:37]} {[%emt 00:00:29]} h6 {[%clk 00:01:55]} {[%emt 00:02:10]} 39.
hxg5 {[%clk 00:00:45]} {[%emt 00:00:23]} h5 {[%clk 00:01:35]} {[%emt 00:00:50]}
40. Qh4 {[%clk 00:00:36]} {[%emt 00:00:39]} Rf5 {[%clk 00:01:14]} {[%emt
00:00:51]} 41. Qe4 {[%emt 00:00:31]} Kxg5 {[%clk 00:00:43]} {[%emt 00:00:59]}
42. f4+ {[%clk 00:16:12]} {[%emt 00:14:55]} Kh6 {[%clk 00:30:08]} {[%emt
00:01:05]} 43. Rd1 {[%clk 00:15:24]} {[%emt 00:01:18]} R8f6 {[%clk 00:27:44]}
{[%emt 00:02:53]} 44. fxe5 {[%clk 00:09:32]} {[%emt 00:06:22]} Bxe5 {[%clk
00:26:53]} {[%emt 00:01:21]} 45. Rd7 {[%clk 00:05:57]} {[%emt 00:04:06]} Bb2
{[%clk 00:18:27]} {[%emt 00:08:55]} 46. Qe7 {[%clk 00:02:30]} {[%emt 00:03:58]}
Rf2+ {[%clk 00:16:37]} {[%emt 00:02:20]} 47. Kh3 {[%clk 00:02:26]} {[%emt
00:00:33]} R6f3 {[%clk 00:15:52]} {[%emt 00:01:15]} 48. Rd6+ {[%clk 00:00:42]}
{[%emt 00:02:14]} Bf6 {[%clk 00:16:07]} {[%emt 00:00:15]} 49. Qf8+ {[%clk
00:00:47]} {[%emt 00:00:25]} Kg6 {[%clk 00:15:40]} {[%emt 00:00:58]} 50. Qe8+
{[%clk 00:00:39]} {[%emt 00:00:37]} Kh6 {[%clk 00:15:02]} {[%emt 00:01:08]} 51.
Qf8+ {[%clk 00:00:43]} {[%emt 00:00:27]} Kg6 {[%clk 00:15:26]} {[%emt
00:00:06]} 52. Qg8+ {[%clk 00:01:01]} {[%emt 00:00:11]} Kh6 {[%clk 00:14:19]}
{[%emt 00:01:37]} 53. Rd7 {[%clk 00:01:06]} {[%emt 00:00:26]} 1-0

[Event "DEM U18w 2023"]
[Site "Willingen GER"]
[Date "2023.05.28"]
[Round "2"]
[White "Werner, Rosalie"]
[Black "Derling, Charlotte"]
[Result "1-0"]
[Termination "normal"]
[Board "7"]
[WhiteElo "1751"]
[BlackElo "1664"]
[WhiteClock "00:00:49"]
[BlackClock "00:00:56"]
[PlyCount "55"]
[WhiteFideId "16223748"]
[BlackFideId "16222237"]
[EventCountry "GER"]
[EventRounds "9"]
[EventType "swiss"]
[EventDate "2023.05.27"]

1. e4 {[%clk 01:30:58]} c5 {[%clk 01:30:54]} {[%emt 00:00:07]} 2. Nf3 {[%clk
01:31:25]} {[%emt 00:00:04]} d6 {[%clk 01:31:19]} {[%emt 00:00:05]} 3. d4
{[%clk 01:31:50]} {[%emt 00:00:04]} cxd4 {[%clk 01:31:44]} {[%emt 00:00:05]} 4.
Nxd4 {[%clk 01:32:15]} {[%emt 00:00:06]} Nf6 {[%clk 01:31:59]} {[%emt
00:00:15]} 5. Nc3 {[%clk 01:32:36]} {[%emt 00:00:08]} g6 {[%clk 01:32:02]}
{[%emt 00:00:26]} 6. Be3 {[%clk 01:32:15]} {[%emt 00:00:52]} Bg7 {[%clk
01:32:23]} {[%emt 00:00:09]} 7. f3 {[%clk 01:32:28]} {[%emt 00:00:17]} Nc6
{[%clk 01:32:12]} {[%emt 00:00:42]} 8. Qd2 {[%clk 01:32:24]} {[%emt 00:00:34]}
Bd7 {[%clk 01:30:26]} {[%emt 00:02:15]} 9. O-O-O {[%clk 01:30:52]} {[%emt
00:02:03]} O-O {[%clk 01:26:53]} {[%emt 00:04:03]} 10. g4 {[%clk 01:28:49]}
{[%emt 00:02:32]} Qa5 {[%clk 01:19:27]} {[%emt 00:07:56]} 11. h4 {[%clk
01:21:04]} {[%emt 00:08:15]} h5 {[%clk 01:05:58]} {[%emt 00:13:59]} 12. Nb3
{[%clk 01:10:58]} {[%emt 00:10:37]} Qd8 {[%clk 01:00:51]} {[%emt 00:05:36]} 13.
gxh5 {[%clk 01:06:09]} {[%emt 00:05:19]} Nxh5 {[%clk 01:00:30]} {[%emt
00:00:51]} 14. Bh6 {[%clk 01:01:32]} {[%emt 00:05:08]} a5 {[%clk 00:48:35]}
{[%emt 00:12:25]} 15. Bxg7 {[%clk 00:54:04]} {[%emt 00:07:57]} Kxg7 {[%clk
00:48:25]} {[%emt 00:00:40]} 16. Be2 {[%clk 00:48:28]} {[%emt 00:06:06]} a4
{[%clk 00:36:53]} {[%emt 00:12:02]} 17. Nd4 {[%clk 00:41:04]} {[%emt 00:07:54]}
Qb6 {[%clk 00:25:03]} {[%emt 00:12:20]} 18. Nf5+ {[%clk 00:08:18]} {[%emt
00:33:16]} Bxf5 {[%clk 00:14:28]} {[%emt 00:11:05]} 19. exf5 {[%clk 00:08:42]}
{[%emt 00:00:06]} Qc5 {[%clk 00:10:37]} {[%emt 00:04:21]} 20. Nd5 {[%clk
00:05:17]} {[%emt 00:03:55]} Rac8 {[%clk 00:08:24]} {[%emt 00:02:42]} 21. Rhg1
{[%clk 00:04:57]} {[%emt 00:00:51]} a3 {[%clk 00:03:59]} {[%emt 00:04:55]} 22.
b4 {[%clk 00:02:09]} {[%emt 00:03:18]} Qa7 {[%clk 00:01:33]} {[%emt 00:02:57]}
23. fxg6 {[%clk 00:00:57]} {[%emt 00:01:41]} fxg6 {[%clk 00:01:27]} {[%emt
00:00:35]} 24. Qg5 {[%clk 00:00:45]} {[%emt 00:00:42]} Ne5 {[%clk 00:00:59]}
{[%emt 00:00:58]} 25. Qxh5 {[%clk 00:00:44]} {[%emt 00:00:33]} Qa4 {[%clk
00:00:48]} {[%emt 00:00:40]} 26. Rd2 {[%clk 00:00:37]} {[%emt 00:00:37]} e6
{[%clk 00:00:52]} {[%emt 00:00:27]} 27. f4 {[%clk 00:00:33]} {[%emt 00:00:34]}
exd5 {[%clk 00:00:56]} {[%emt 00:00:26]} 28. fxe5 {[%clk 00:00:49]} {[%emt
00:00:14]} 1-0

[Event "DEM U18w 2023"]
[Site "Willingen GER"]
[Date "2023.05.28"]
[Round "2"]
[White "Henninger, Claire"]
[Black "Hafermann, Lara"]
[Result "0-1"]
[Termination "normal"]
[Board "9"]
[WhiteElo "1610"]
[BlackElo "1498"]
[WhiteClock "00:00:31"]
[BlackClock "00:02:03"]
[PlyCount "76"]
[WhiteFideId "16200659"]
[BlackFideId "16298306"]
[EventCountry "GER"]
[EventRounds "9"]
[EventType "swiss"]
[EventDate "2023.05.27"]

1. e4 {[%clk 01:30:59]} e5 {[%clk 01:30:50]} {[%emt 00:00:11]} 2. Nf3 {[%clk
01:31:21]} {[%emt 00:00:08]} Nc6 {[%clk 01:31:11]} {[%emt 00:00:09]} 3. Bc4
{[%clk 01:31:34]} {[%emt 00:00:16]} Bc5 {[%clk 01:31:30]} {[%emt 00:00:11]} 4.
d3 {[%clk 01:31:37]} {[%emt 00:00:27]} Nf6 {[%clk 01:31:27]} {[%emt 00:00:33]}
5. Nc3 {[%clk 01:30:21]} {[%emt 00:01:46]} d6 {[%clk 01:30:47]} {[%emt
00:01:11]} 6. h3 {[%clk 01:29:24]} {[%emt 00:01:26]} a6 {[%clk 01:30:49]}
{[%emt 00:00:29]} 7. Bg5 {[%clk 01:22:42]} {[%emt 00:07:12]} h6 {[%clk
01:25:02]} {[%emt 00:06:17]} 8. Bh4 {[%clk 01:21:06]} {[%emt 00:02:01]} Na5
{[%clk 01:19:28]} {[%emt 00:06:08]} 9. Nd5 {[%clk 01:13:49]} {[%emt 00:07:47]}
c6 {[%clk 01:12:40]} {[%emt 00:07:18]} 10. Nxf6+ {[%clk 01:13:31]} {[%emt
00:00:48]} gxf6 {[%clk 01:13:08]} {[%emt 00:00:03]} 11. Nd2 {[%clk 01:06:28]}
{[%emt 00:07:32]} h5 {[%clk 00:54:25]} {[%emt 00:19:13]} 12. Qf3 {[%clk
01:01:57]} {[%emt 00:05:01]} Rh6 {[%clk 00:54:45]} {[%emt 00:00:10]} 13. a3
{[%clk 00:58:54]} {[%emt 00:03:33]} Nxc4 {[%clk 00:54:47]} {[%emt 00:00:27]}
14. Nxc4 {[%clk 00:58:58]} {[%emt 00:00:26]} b5 {[%clk 00:51:53]} {[%emt
00:03:25]} 15. Ne3 {[%clk 00:58:26]} {[%emt 00:01:01]} Be6 {[%clk 00:43:52]}
{[%emt 00:08:32]} 16. Nf1 {[%clk 00:50:39]} {[%emt 00:08:15]} Ke7 {[%clk
00:35:04]} {[%emt 00:09:20]} 17. Ng3 {[%clk 00:45:41]} {[%emt 00:05:27]} Qh8
{[%clk 00:33:53]} {[%emt 00:01:41]} 18. Nf5+ {[%clk 00:43:55]} {[%emt
00:02:17]} Bxf5 {[%clk 00:34:07]} {[%emt 00:00:16]} 19. exf5 {[%clk 00:42:06]}
{[%emt 00:02:18]} Kd7 {[%clk 00:32:40]} {[%emt 00:01:59]} 20. O-O-O {[%clk
00:40:55]} {[%emt 00:01:40]} Qg7 {[%clk 00:28:49]} {[%emt 00:04:21]} 21. Rhe1
{[%clk 00:38:58]} {[%emt 00:02:26]} Rg8 {[%clk 00:26:40]} {[%emt 00:02:40]} 22.
g3 {[%clk 00:37:55]} {[%emt 00:01:32]} Rhh8 {[%clk 00:25:50]} {[%emt 00:01:21]}
23. c3 {[%clk 00:36:10]} {[%emt 00:02:15]} Qh6+ {[%clk 00:25:15]} {[%emt
00:01:05]} 24. Kb1 {[%clk 00:34:45]} {[%emt 00:01:54]} Re8 {[%clk 00:24:54]}
{[%emt 00:00:51]} 25. Re2 {[%clk 00:28:14]} {[%emt 00:07:01]} d5 {[%clk
00:18:36]} {[%emt 00:06:49]} 26. Rc2 {[%clk 00:25:52]} {[%emt 00:02:51]} Rb8
{[%clk 00:16:09]} {[%emt 00:02:58]} 27. d4 {[%clk 00:22:23]} {[%emt 00:04:00]}
Bd6 {[%clk 00:12:46]} {[%emt 00:03:52]} 28. dxe5 {[%clk 00:21:57]} {[%emt
00:00:56]} fxe5 {[%clk 00:12:58]} {[%emt 00:00:18]} 29. f6 {[%clk 00:19:46]}
{[%emt 00:02:40]} Qg6 {[%clk 00:12:41]} {[%emt 00:00:48]} 30. Qe3 {[%clk
00:15:38]} {[%emt 00:04:37]} Rb7 {[%clk 00:11:00]} {[%emt 00:02:12]} 31. Qd3
{[%clk 00:12:41]} {[%emt 00:03:26]} e4 {[%clk 00:09:37]} {[%emt 00:01:54]} 32.
Qd4 {[%clk 00:06:46]} {[%emt 00:06:24]} Qf5 {[%clk 00:09:31]} {[%emt 00:00:37]}
33. Kc1 {[%clk 00:03:55]} {[%emt 00:03:20]} Qxh3 {[%clk 00:08:04]} {[%emt
00:01:58]} 34. c4 {[%clk 00:02:23]} {[%emt 00:02:03]} bxc4 {[%clk 00:08:06]}
{[%emt 00:00:28]} 35. Rxc4 {[%clk 00:02:23]} {[%emt 00:00:30]} Qf5 {[%clk
00:05:49]} {[%emt 00:02:46]} 36. Rc2 {[%clk 00:01:32]} {[%emt 00:01:21]} Rhb8
{[%clk 00:05:13]} {[%emt 00:01:06]} 37. Qc3 {[%clk 00:00:42]} {[%emt 00:01:21]}
Rb6 {[%clk 00:02:21]} {[%emt 00:03:22]} 38. a4 {[%clk 00:00:31]} {[%emt
00:00:41]} Be5 {[%clk 00:02:03]} {[%emt 00:00:48]} 0-1